| 000 | 00629nam a22002057a 4500 | ||
|---|---|---|---|
| 003 | 0 | ||
| 005 | 20231107122800.0 | ||
| 008 | 230814b xxu||||| |||| 00| 0 eng d | ||
| 020 | _a978-1-382-00594-4 | ||
| 050 |
_aTR IB QC 21 _b.P828 2021 |
||
| 100 | _aPople, Stephen | ||
| 245 |
_aCambridge IGCSE & O level complete physics _cStephen Pople |
||
| 250 | _aFourth edition | ||
| 260 |
_aOxford, United Kingdom _bOxford University Press _cc2021. |
||
| 300 |
_ax, 336 pages : _bcol. ill. ; _c26 cm. |
||
| 500 | _aPhysics -- study guide. | ||
| 504 | _aIncludes index. | ||
| 650 | _aPhysics -- study guide. | ||
| 942 |
_2lcc _cBK |
||
| 999 |
_c365156 _d365156 |
||